000 00351 a2200157 4500
001 153339
040 _cEscola São Tomás de Aquino
100 _aDUPRÉ, Maria José
240 1 0 _aA Mina de Ouro
_lpor
245 1 0 _aA Mina de Ouro
300 _a136
362 0 _a2015
440 1 _aÁtica
697 _a*LITERATURA INFANTO JUVENIL
942 _cBK
999 _c153339
_d153339